Statistics for Country Anagrams

Click here to take the quiz!

General Stats

  • This quiz has been taken 67 times
  • The average score is 22 of 30

Answer Stats

AnagramAnswer% Correct
PurePeru
100%
MailMali
98%
RainIran
97%
MoanOman
97%
PainsSpain
97%
ChainChina
95%
EnemyYemen
93%
PlaneNepal
92%
ReignNiger
92%
G-TypeEgypt
90%
TangoTonga
88%
BailyLibya
85%
RabiesSerbia
85%
AnalogAngola
78%
Oman AirRomania
77%
Anime TVVietnam
77%
SerialIsrael
75%
AngelesSenegal
75%
Meg RyanGermany
73%
Army ManMyanmar
72%
Swan BoatBotswana
70%
Mango OilMongolia
65%
Daniel CIceland
53%
Dr. AlienIreland
53%
U.S. MarineSuriname
53%
Ira (name)Armenia
40%
Aortic SacCosta Rica
35%
Tornado MachineNorth Macedonia
35%
India.comDominica
27%
Meat RiotsEast Timor
17%

Score Distribution

Percentile by Number Answered

Percent of People with Each Score

Your Score History

You have not taken this quiz